Province della Campania per Superficie - Statistics

Statistiche generali
  • Questo quiz è stato fatto 27 volte
  • Il punteggio medio è 5 su 5
Statistiche sulle risposte
Superficie (km²) Provincia o Città Metropolitana % Corretto
4 954 Provincia di Salerno
100%
1 179 Città metropolitana di Napoli
96%
2 806 Provincia di Avellino
96%
2 080 Provincia di Benevento
96%
2 651 Provincia di Caserta
92%
Nessun quiz corrispondente trovato
Distribuzione punteggi
Percentuale di utenti per punteggio
Percentile per numero di risposta
I tuoi punteggi nel tempo
Non hai fatto questo quiz